000
00285nam a2200121Ia 4500
005
20251222155204.0
008
251222s9999||||xx |||||||||||||| ||spa||
082
_a
EDUM.19
100
_a
CANO CORREA,Elena.
245
0
_a
Técnicas de desarrollo personal
264
_b
URP
942
_c
LIB
999
_c
40057
_d
40057